| 000 | 00514pab a2200181 454500 | ||
|---|---|---|---|
| 008 | 180718b1998 xxu||||| |||| 00| 0 eng d | ||
| 100 | _aSingh, Amarjeet | ||
| 245 | _aEconomic and policy dimensions of irrational use of electricity in agriculture in India | ||
| 260 | _c1998 | ||
| 300 | _ap.186-92 | ||
| 362 | _aOct | ||
| 650 | _aPower industry - India | ||
| 650 | _aElectricity - India | ||
| 650 | _aAgriculture - India | ||
| 650 | _aAgriculture | ||
| 773 | _aIndian Journal of Economics | ||
| 909 | _a41404 | ||
| 999 |
_c41404 _d41404 |
||